00525nam a2200217Ia 4500008004100000020001800041050001400059100001900073245001600092245002300108245005200131260001500183260001600198260000900214300001500223300002700238300001000265440001700275440000700292500000800299170918s9999 xx 000 0 und d a9780545251884 bK265 2009 aKeene, Carolyn aClue crew : bApril fool's day / cCarolyn Keene ; illustrated by Macky Pamintuan. aNew York : bScholastic, c2009 a86 pages : bcolored illustration ; c19cm. aNancy Drew ; v19 a510